000 00624nam a22001937a 4500
999 _c166970
_d166970
010 _aENG-126194
020 _a978-93-8472-688-1
_c1495.00
035 _aEN-109726
037 _bDBAD/PUB
082 _a581.6105
100 _aVerma,V.
245 _aTextbook Of Economic Botany/
_cby V. Verma
260 _aNew Delhi
_bAne Books Pvt.Ltd.
_c2017
270 _a4821,Parwana Bhawan 1st Floor 24 Ansari Road, Darya Ganj
_bNew Delhi
_e110002
_k+91(011)23276843,2814209
_manebookschennai.com
300 _avi335p.
_b24cm(hb)
500 _aits include index
760 _b2
942 _2ddc
_cEN
_h581.6105
_mVER